Take a note (Record no. 73955)

MARC details
000 -LEADER
fixed length control field 00858cam a2200193 4500
001 - CONTROL NUMBER
control field ABS67367
008 - FIXED-LENGTH DATA ELEMENTS--GENERAL INFORMATION
fixed length control field 031211n2003 000 0 eng u
035 ## - SYSTEM CONTROL NUMBER
System control number (Sirsi) u124611
100 ## - MAIN ENTRY--PERSONAL NAME
Personal name Birkby, G.
245 ## - TITLE STATEMENT
Title Take a note
260 ## - PUBLICATION, DISTRIBUTION, ETC.
Date of publication, distribution, etc. 2003
490 ## - SERIES STATEMENT
Series statement Project
Volume/sequential designation 16(6) November 2003, 27(1)
520 ## - SUMMARY, ETC.
Summary, etc. Recommends the keeping of notes, documents, drafts and minutes of meetings accurate and up-to-date. Such documents may record changes to a project, what was discussed and agreed. In "Amoco (UK) Exploration Co v Telephone Cables Ltd" ([2002] EWHC 2534 (Comm), [2003] CILL 1937), such changes were documented in the minutes of a meeting and supported evidence in the case.
590 ## - LOCAL NOTE (RLIN)
Local note ABS
650 ## - SUBJECT ADDED ENTRY--TOPICAL TERM
Topical term or geographic name entry element AMOCO (UK) EXPLORATION CO V TELEPHONE CABLES LTD
650 ## - SUBJECT ADDED ENTRY--TOPICAL TERM
Topical term or geographic name entry element PROJECT DOCUMENTATION
690 ## - LOCAL SUBJECT ADDED ENTRY--TOPICAL TERM (OCLC, RLIN)
Topical term or geographic name as entry element Project management
9 (RLIN) 6261
942 ## - ADDED ENTRY ELEMENTS (KOHA)
Suppress in OPAC 0
Holdings
Withdrawn status Lost status Source of classification or shelving scheme Damaged status Not for loan Home library Current library Shelving location Date acquired Total Checkouts Full call number Barcode Date last seen Copy number Price effective from Koha item type
    Dewey Decimal Classification     London London Journal article 11/12/2003   ABS67367 124611-1001 06/08/2019 1 06/08/2019 Journal article